| 000 | 00732nam a2200193 a 4500 | ||
|---|---|---|---|
| 003 | 0 | ||
| 005 | 20250626123206.0 | ||
| 008 | 101012s19uu xx 00 eng d | ||
| 050 |
_aPHS JK 2312 _b.T21 2010 |
||
| 100 | _aTaylor, John G. | ||
| 245 |
_aThe formation and development of the American two-party political system / _cJohn G. Taylor. |
||
| 260 |
_aLas PiƱas City, Philippines : _bSouthville International School and Colleges, _c2010. |
||
| 300 |
_a34 pages ; _c29 cm. |
||
| 504 | _aIncludes bibliographical references. | ||
| 650 |
_aTwo-party systems (Government) _zUnited States _xHistory. |
||
| 650 |
_aPolitical parties _zUnited States _xHistory. |
||
| 650 |
_aUnited States _xPolitics and government. |
||
| 942 |
_2lcc _cPASS |
||
| 999 |
_c98422 _d98422 |
||